Nuestro archipiélago de San Andrés y el tratado con Nicaragua (Registro nro. 33545)
[ vista simple ]
| 000 -ENCABEZADO | |
|---|---|
| Número de control [NR] | 01317nam a2200313Ia 4500 |
| 008 - DE LONGITUD FIJA DE DATOS DE ELEMENTOS - INFORMACIÓN GENERAL | |
| Elementos de longitud fija [NR] | 130821s2001 ck gr spa |
| 020 ## - NUMERO INTERNACIONAL NORMALIZADO PARA LIBROS [R] | |
| Número Internacional Normalizado del libro [NR] | 9586165078 |
| 040 ## - FUENTE DE CATALOGACION [NR] | |
| Agencia de catalogación original [NR] | Co-BoUCM |
| Idioma de catalogación [NR] | spa |
| 041 00 - CODIGO DE IDIOMA [R] | |
| Código de idioma para texto/pista de sonido o título separado [R] | Español |
| 100 1# - ASIENTO PRINCIPAL--NOMBRE PERSONAL [NR] | |
| Nombre personal [NR] | Gaviria Liévano, Enrique. |
| ID Autoridad | 57847 |
| 245 10 - MENCION DE TITULO [NR] | |
| Título [NR] | Nuestro archipiélago de San Andrés y el tratado con Nicaragua |
| Mención de responsabilidad, etc. [NR] | Enrique Gaviria Liévano |
| 260 ## - PUBLICACION, DISTRIBUCION, ETC. (PIE DE IMPRENTA) [R] | |
| Lugar de publicación, distribución, etc. [R] | Bogotá (Colombia) |
| Nombre del editor, distribuidor, etc. [R] | Universidad externado de Colombia |
| Fecha de publicación, distribución, etc. [R] | 2001 |
| 300 ## - DESCRIPCION FISICA [R] | |
| Extensión [R] | 395 páginas |
| 490 #0 - MENCION DE SERIE [R] | |
| Mención de serie [R] | Política Exterior Colombiana |
| Designación numérica/secuencial del volumen [NR] | 1 |
| 504 ## - NOTA DE BIBLIOGRAFIA, ETC. [R] | |
| Nota de bibliografía, etc. [NR] | |
| 630 ## - ASIENTO SECUNDARIO DE MATERIA - TITULO UNIFORME [R] | |
| Título uniforme [NR] | Real Orden de 1803 |
| 9 (RLIN) | 7029 |
| 650 04 - ASIENTO SECUNDARIO DE MATERIA - TERMINO TEMATICO [R] | |
| Término temático o nombre geográfico como elemento de entrada [NR] | Derecho marítimo |
| Subdivisión geográfica [R] | Colombia |
| 9 (RLIN) | 33361 |
| 650 04 - ASIENTO SECUNDARIO DE MATERIA - TERMINO TEMATICO [R] | |
| Término temático o nombre geográfico como elemento de entrada [NR] | Relaciones internacionales |
| 9 (RLIN) | 8042 |
| 650 04 - ASIENTO SECUNDARIO DE MATERIA - TERMINO TEMATICO [R] | |
| Término temático o nombre geográfico como elemento de entrada [NR] | Tratado de Delimitación Marítima entre Colombia y Honduras |
| Subdivisión cronológica [R] | 1986 |
| 9 (RLIN) | 8183 |
| 650 04 - ASIENTO SECUNDARIO DE MATERIA - TERMINO TEMATICO [R] | |
| Término temático o nombre geográfico como elemento de entrada [NR] | Tratado Esguerra-Bárcenas |
| -- | 928 |
| 9 (RLIN) | 8196 |
| 651 #7 - ASIENTO SECUNDARIO DE MATERIA - NOMBRE GEOGRAFICO [R] | |
| Nombre geográfico [NR] | Colombia |
| Geographic name following place entry element [OBSOLETE] | Relaciones internacionales |
| Subdivisión geográfica [R] | Nicaragua |
| 9 (RLIN) | 26606 |
| 651 #7 - ASIENTO SECUNDARIO DE MATERIA - NOMBRE GEOGRAFICO [R] | |
| Nombre geográfico [NR] | Colombia |
| Subdivisión de forma [R] | Tratados internacionales |
| 9 (RLIN) | 26606 |
| 651 #7 - ASIENTO SECUNDARIO DE MATERIA - NOMBRE GEOGRAFICO [R] | |
| Nombre geográfico [NR] | Colombia |
| Subdivisión general [R] | Limites |
| Subdivisión geográfica [R] | Nicaragua |
| 9 (RLIN) | 77215 |
| 651 #7 - ASIENTO SECUNDARIO DE MATERIA - NOMBRE GEOGRAFICO [R] | |
| Nombre geográfico [NR] | Nicaragua |
| Geographic name following place entry element [OBSOLETE] | Relaciones internacionales |
| Subdivisión geográfica [R] | Colombia |
| 9 (RLIN) | 27151 |
| 651 #7 - ASIENTO SECUNDARIO DE MATERIA - NOMBRE GEOGRAFICO [R] | |
| Nombre geográfico [NR] | Nicaragua |
| Subdivisión general [R] | Limites |
| Subdivisión geográfica [R] | Colombia |
| 9 (RLIN) | 77216 |
| 651 #7 - ASIENTO SECUNDARIO DE MATERIA - NOMBRE GEOGRAFICO [R] | |
| Nombre geográfico [NR] | San Andrés y Providencia (Islas, Colombia) |
| Subdivisión general [R] | Historia |
| 9 (RLIN) | 155433 |
| 942 ## - ELEMENTOS DE ENTRADA AGREGADOS (KOHA) | |
| Tipo de ítem principal el descrito en 300a | Libro |
| Tema principal | Ciencia política |
| Edición | 1 |
| Parte restante de la signatura top. | G283n |
| Sistema de clasificación | DEWEY |
| Clasificación | 327.861072 |
| Fecha de último préstamo | Total préstamos | Total Renewals | Signatura topográfica | Código de barras | Última vez visto | Ejemplar | Price effective from | Tipo de ítem | Perdido | Sistema de clasificación | Dañado | No prestable | Tipo de ítem específico | Suprimido | Ubicación habitual | Ubicación actual | Localización | Fecha de creación | Forma de adquisición | Costo |
|---|---|---|---|---|---|---|---|---|---|---|---|---|---|---|---|---|---|---|---|---|
| 12/10/2022 | 33 | 7 | 327.861072 G283n | 100073796 | 06/06/2024 | Ej.2 | 03/02/2013 | Libro | DEWEY | Libro | Bodega | Bodega | 3er piso | 28/02/2005 | Compra | 63000.00 |